Искусственный интеллект и нейросетевое управление: учебное пособие

ग्रंथसूची विवरण
निगमित लेखक: Национальный исследовательский Томский политехнический университет Инженерная школа информационных технологий и робототехники
अन्य लेखक: Мамонова Т. Е. Татьяна Егоровна (составитель)
सारांश:Заглавие с титульного экрана
В пособии изложены теоретические и практические вопросы курса «Искусственнй интеллект и нейросетевое управление», где выделены основные положения таких методов искусственного интеллекта, как нечеткая логика, экспертные системы и нейронные сети. Приводится материал по практическому применению программ MatLab и CLIPS при решении задач на основе искусственного интеллекта в виде методических указаний на выполнение семи лабораторных работ. Предназначено для студентов, обучающихся по направлениям подготовки бакалавриата 15.03.04 «Автоматизация технологических процессов и производств» и 15.03.06 «Мехатроника и робототехника», а также может быть использовано в качестве дополнительной литературы при подготовке магистрантов по указанным направлениям в рамках курсов «Методы искусственного интеллекта в мехатронике и робототехнике» и «Методы искусственного интеллекта автоматизированных систем»
AM_TPU_network
भाषा:रूसी
प्रकाशित: Томск, Изд-во ТПУ, 2020
विषय:
ऑनलाइन पहुंच:https://www.lib.tpu.ru/fulltext2/m/2020/m005.pdf
स्वरूप: इलेक्ट्रोनिक पुस्तक
KOHA link:https://koha.lib.tpu.ru/cgi-bin/koha/opac-detail.pl?biblionumber=344554

MARC

LEADER 00000nam0a2200000 4500
001 344554
005 20260410153251.0
010 |a 978-5-4387-0921-3 
035 |a (RuTPU)RU\TPU\book\376104 
035 |a RU\TPU\book\376086 
090 |a 344554 
100 |a 20200305d2020 m y0rusy50 ca 
101 0 |a rus 
102 |a RU 
105 |a a j 001zy 
135 |a drcn ---uucaa 
181 0 |a i   |b  e  
182 0 |a b 
183 0 |a cr  |2 RDAcarrier 
200 1 |a Искусственный интеллект и нейросетевое управление  |e учебное пособие  |f Национальный исследовательский Томский политехнический университет, Инженерная школа информационных технологий и робототехники ; сост. Т. Е. Мамонова 
203 |a Текст  |c электронный  |b визуальный 
210 |a Томск  |c Изд-во ТПУ  |d 2020 
283 |a online_resource  |2 RDAcarrier 
300 |a Заглавие с титульного экрана 
330 |a В пособии изложены теоретические и практические вопросы курса «Искусственнй интеллект и нейросетевое управление», где выделены основные положения таких методов искусственного интеллекта, как нечеткая логика, экспертные системы и нейронные сети. Приводится материал по практическому применению программ MatLab и CLIPS при решении задач на основе искусственного интеллекта в виде методических указаний на выполнение семи лабораторных работ. Предназначено для студентов, обучающихся по направлениям подготовки бакалавриата 15.03.04 «Автоматизация технологических процессов и производств» и 15.03.06 «Мехатроника и робототехника», а также может быть использовано в качестве дополнительной литературы при подготовке магистрантов по указанным направлениям в рамках курсов «Методы искусственного интеллекта в мехатронике и робототехнике» и «Методы искусственного интеллекта автоматизированных систем» 
371 0 |a AM_TPU_network 
452 1 |0 (RuTPU)RU\TPU\book\378382  |y 978-5-4387-0921-3  |t Искусственный интеллект и нейросетевое управление  |o учебное пособие  |f Национальный исследовательский Томский политехнический университет ; сост. Т. Е. Мамонова  |c Томск  |n Изд-во ТПУ  |d 2020  |p 150 с. 
606 1 |a Искусственный интеллект  |2 stltpush  |3 (RuTPU)RU\TPU\subj\13185  |9 39836 
610 1 |a электронный ресурс 
610 1 |a учебные пособия 
610 1 |a труды учёных ТПУ 
610 1 |a экспертные системы 
610 1 |a нечеткая логика 
610 1 |a нейронные сети 
610 1 |a нейроуправление 
610 1 |a лабораторные работы 
675 |a 681.5(075.8)  |v 4 
702 1 |a Мамонова  |b Т. Е.  |c специалист в области информатики и вычислительной техники  |c доцент Томского политехнического университета, кандидат технических наук  |f 1983-  |g Татьяна Егоровна  |3 (RuTPU)RU\TPU\pers\29661  |4 220  |9 14174 
712 0 2 |a Национальный исследовательский Томский политехнический университет  |b Инженерная школа информационных технологий и робототехники  |c (2017- )  |3 (RuTPU)RU\TPU\col\23514 
801 1 |a RU  |b 63413507  |c 20140725 
801 2 |a RU  |b 63413507  |c 20211110  |g RCR 
856 4 0 |u https://www.lib.tpu.ru/fulltext2/m/2020/m005.pdf  |z https://www.lib.tpu.ru/fulltext2/m/2020/m005.pdf 
942 |c CF